Functions of several variables / (Record no. 6588)
[ view plain ]
| 000 -LEADER | |
|---|---|
| fixed length control field | 00727nam a22002533 4500 |
| 001 - CONTROL NUMBER | |
| control field | 6588 |
| 003 - CONTROL NUMBER IDENTIFIER | |
| rucl marc code | BD-RjUL |
| 005 - DATE AND TIME OF LATEST TRANSACTION | |
| control field | 20211208234255.0 |
| 008 - FIXED-LENGTH DATA ELEMENTS--GENERAL INFORMATION | |
| fixed length control field | 140111s1966 nyua 000 0 eng d |
| 035 ## - SYSTEM CONTROL NUMBER | |
| System control number | (BD-RjUL)6629 |
| 040 ## - CATALOGING SOURCE | |
| Original cataloging agency | DLC |
| Transcribing agency | DLC |
| Language of cataloging | eng |
| Modifying agency | (BD-RjUL) |
| 041 ## - LANGUAGE CODE | |
| Language code of text/sound track or separate title | eng |
| 082 00 - DEWEY DECIMAL CLASSIFICATION NUMBER | |
| Edition number | 19 |
| Classification number | 512.7 |
| Author mark and year | WOF |
| 100 1# - MAIN ENTRY--PERSONAL NAME | |
| Personal name | Woll, John W. [from old catalog] |
| 9 (RLIN) | 20735 |
| 245 10 - TITLE STATEMENT | |
| Title | Functions of several variables / |
| Statement of responsibility, etc. | [by] John W. Woll, Jr. |
| 260 ## - PUBLICATION, DISTRIBUTION, ETC. (IMPRINT) | |
| Place of publication, distribution, etc. | New York, |
| Name of publisher, distributor, etc. | Harcourt, Brace & World |
| Date of publication, distribution, etc. | [1966] |
| 300 ## - PHYSICAL DESCRIPTION | |
| Pagination | xi, 169 p. ; |
| Illustrations | illus ; |
| Size | 24 cm. |
| 490 0# - SERIES STATEMENT | |
| Series statement | Harbrace college mathematics series |
| 504 ## - BIBLIOGRAPHY, ETC. NOTE | |
| Bibliography, etc | Includes Index |
| 650 #0 - SUBJECT ADDED ENTRY--TOPICAL TERM | |
| Topical term or geographic name as entry element | Functions. |
| 9 (RLIN) | 20736 |
| 942 ## - ADDED ENTRY ELEMENTS (KOHA) | |
| Source of classification or shelving scheme | Dewey Decimal Classification |
| Koha item type | Books |
| Lost status | Source of classification or shelving scheme | Damaged status | Not for loan | Collection code | Permanent Location | Current Location | Shelving location | Date acquired | Source of acquisition | Cost, normal purchase price | Total Checkouts | Full call number | Date last seen | Copy number | Koha item type |
|---|---|---|---|---|---|---|---|---|---|---|---|---|---|---|---|
| Dewey Decimal Classification | Not For Loan | Non-fiction | Central Library, University of Rajshahi | Central Library, University of Rajshahi | 28/10/1968 | Zeitlinger | 71.00 | 512.7 WOF 1966 | 11/01/2014 | C-1 | Books |